书目信息 |
| 题名: |
工程项目管理
|
|
| 作者: | 陈新元 编著 | |
| 分册: | ||
| 出版信息: | 北京 中国水利水电出版社 2009.12 |
|
| 页数: | 237页 | |
| 开本: | 26cm | |
| 丛书名: | ||
| 单 册: | ||
| 中图分类: | D913.05 | |
| 科图分类: | ||
| 主题词: | 法学--部门 | |
| 电子资源: | ||
| ISBN: | 7-5084-7033-8 | |
| 000 | 00711nam0 2200205 450 | |
| 001 | 140913 | |
| 005 | 20140930091741.07 | |
| 010 | @a7-5084-7033-8@dCNY 38.00 | |
| 100 | @a20130509d2009 km y0chiy0120 ea | |
| 101 | 0 | @achi |
| 102 | @aCN@b110000 | |
| 200 | 1 | @a工程项目管理@Agong cheng xiang mu guan li@eFIDIC施工合同条件与应用案例@f陈新元编著@Fchen xin yuan bian zhu |
| 210 | @a北京@c中国水利水电出版社@d2009.12 | |
| 215 | @a237页@d26cm | |
| 517 | 1 | @aFIDIC施工合同条件与应用案例@AFIDIC shi gong he tong tiao jian yu ying yong an li |
| 606 | 0 | @a法学@x部门 |
| 690 | @aD913.05@v4 | |
| 701 | 0 | @a陈新元@Achen xin yuan@4编著 |
| 801 | 0 | @aCN@b大连网信软件有限公司图书馆·11@c20140930 |
| 905 | @a241430@dD913.05@eC598 | |
| 工程项目管理:FIDIC施工合同条件与应用案例/陈新元编著.-北京:中国水利水电出版社,2009.12 |
| 237页;26cm |
| ISBN 7-5084-7033-8:CNY 38.00 |
| ● |
| 相关链接 |
|
|
|
正题名:工程项目管理
索取号:D913.05/C598
 
预约/预借
| 序号 | 登录号 | 条形码 | 馆藏地/架位号 | 状态 | 备注 |
| 1 | 0836459 | 208364599 | 社科库509/509社科库 81排7列4层/ [索取号:D913.05/C598] | 在馆 | |
| 2 | 0836460 | 208364606 | 社科库509/509社科库 81排7列4层/ [索取号:D913.05/C598] | 在馆 |